A new sociology of work?
Αποθηκεύτηκε σε:
| Άλλοι συγγραφείς: | |
|---|---|
| Μορφή: | Βιβλίο |
| Γλώσσα: | English |
| Δημοσίευση: |
Malden, MA : Newcastle-under-Lyme, North Staffordshire :
Blackwell Pub.;, The Sociological Review,
c2005
|
| Σειρά: | Sociological review monograph
|
| Θέματα: | |
| Ετικέτες: |
Προσθήκη ετικέτας
Δεν υπάρχουν, Καταχωρήστε ετικέτα πρώτοι!
|
MARC
| LEADER | 00000nam a2200000 i 4500 | ||
|---|---|---|---|
| 001 | 1/75237 | ||
| 008 | 080221s2005 eng d | ||
| 020 | |a 1-4051-3903-X | ||
| 020 | |a 978-1-4051-3903-8 | ||
| 035 | |l 10094869 | ||
| 040 | |a GR-MY-UA |b gre |e aacr | ||
| 041 | 0 | |a eng | |
| 082 | 0 | |a 306.36 |2 (22) | |
| 245 | 1 | 2 | |a A new sociology of work? / |c edited by Lynne Pettinger ... [κ.ά.]. |
| 260 | |a Malden, MA : |a Newcastle-under-Lyme, North Staffordshire : |b Blackwell Pub.;, |b The Sociological Review, |c c2005 | ||
| 300 | |a vii, 247 σ.; |c 23 εκ. | ||
| 490 | 1 | |a Sociological review monograph series | |
| 504 | |a Βιβλιογραφία: σ. [219]-237. Ευρετήριο | ||
| 650 | 0 | 0 | |a Industrial sociology. |
| 650 | 0 | 0 | |a Work. |
| 700 | 1 | |a Pettinger, Lynne. | |
| 830 | 0 | |a Sociological review monograph | |
| 852 | |a INST |b SYROS |e 20080221 |h 306.36 NEW |p 005500006518 |q 005500006518 |t BK |y 0 | ||
| 901 | |a BIBL5-2008-1 | ||
| 909 | |a Ε |b 139902 | ||
| 922 | |a 5ΕΛΗ |b 200710 |c ΕΠΕΑΕΚ2/ΤΜΣΠΣ |d ΠΑΠΑΣΩΤΗΡΙΟΥ | ||
| 970 | |a ΚΟΝΤΟΥ |b ΠΑΡΑΣΚΕΥΗ |z 2008/02/21 | ||